[Event "GER-ch Seniors 07th"]
[Site "Oldenburg"]
[Date "1995.??.??"]
[Round "3"]
[White "Klerks, Siegbert"]
[Black "Grosse Harmann, Heinz"]
[Result "1-0"]
[WhiteElo "1499"]
[BlackElo "1312"]
[PlyCount "49"]
[EventDate "1995.08.24"]
[EventType "swiss"]
[EventRounds "9"]
[EventCountry "GER"]
[SourceTitle "EXT 2022"]
[Source "ChessBase"]
[SourceDate "2021.10.06"]
[SourceVersion "1"]
[SourceVersionDate "2021.10.06"]
[SourceQuality "1"]

1. d4 d5 2. c4 e6 3. Nc3 dxc4 4. e4 g6 5. Bxc4 Bg7 6. Nf3 Nd7 7. 0-0 c6 8. Bf4 Nb6 9. Bb3 Nf6 10. e5 Nfd5 11. Bg5 Qc7 12. Qd2 f6 13. Nxd5 Nxd5 14. exf6 Bxf6 15. Bxf6 Nxf6 16. Rfe1 Nd5 17. Bxd5 cxd5 18. Rac1 Qf7 19. Qb4 b6 20. Ne5 Qe7 21. Qxe7+ Kxe7 22. Rc7+ Kf6 23. Rf7+ Kg5 24. Re3 Ba6 25. f4+ 1-0